Wisdom of the wise (Record no. 172475)

000 -LEADER
fixed length control field 00320nam a2200121Ia 4500
008 - FIXED-LENGTH DATA ELEMENTS--GENERAL INFORMATION
fixed length control field 220217s9999||||xx |||||||||||||| ||und||
082 ## - DEWEY DECIMAL CLASSIFICATION NUMBER
Classification number 823 SOM
100 ## - MAIN ENTRY--PERSONAL NAME
Personal name Somaiah, Motanalira
9 (RLIN) 3735
245 #0 - TITLE STATEMENT
Title Wisdom of the wise
260 ## - PUBLICATION, DISTRIBUTION, ETC.
Place of publication, distribution, etc. Vishvadharma centre
Name of publisher, distributor, etc. Bangalore
Date of publication, distribution, etc. 2003
300 ## - PHYSICAL DESCRIPTION
Other physical details 400
650 ## - SUBJECT ADDED ENTRY--TOPICAL TERM
Topical term or geographic name entry element GENERAL BOOKS
Holdings
Withdrawn status Lost status Damaged status Not for loan Collection code Home library Current library Shelving location Date acquired Full call number Barcode Date last seen Price effective from Koha item type
        Computer Science and Engineering Central Library Central Library Book Cart 02/18/2022 823 SOM 7664 12/13/2022 02/18/2022 Books

Powered by Koha